000 00403nam a22001697a 4500
005 20200915161338.0
008 160615b xxu||||| |||| 00| 0 eng d
020 _a81-7008-991-3
041 _aeng
082 _b629.222
100 _aRajput, R.K.
_93944
245 _aAutomobile Engineering
260 _bLaxmi Publication
_c2013
300 _a863
650 _aDIPLOMA ENGINEERING
_9817
942 _cBK
999 _c2819
_d2818